000 00853nam a2200265 i 4500
003 DO-SdBNP
005 20240613100601.0
006 a||||gr|||| 00| 0
007 ta
008 240612e198 |||a|||| |||| 00| 0 spa d
040 _aDO-SdBNP
_bspa
_cBNPHU
_erda
082 4 _222
_bU58
110 1 _aUniversidad Autónoma de Santo Domingo
_bFacultad de Humanidades
_964554
245 1 0 _aEl pequeño universo de la Falcultad de Humanidades.
246 1 4 _aUniverso de la Faultad de Humanidades
264 1 _aSanto Domingo :
_bFacultad de Humanidades,
_c1980
300 _a149 páginas :
_bilustraciones ;
_c21 cm.
336 _2rdacontent
_atexto
_btxt
337 _2rdamedia
_asin mediación
_bn
338 _2rdacarrier
_avolumen
_bnc
490 _aUniverso ;
_v10
500 _a441 Aniversario.
590 _aInventariado 2024 / MF
942 _2ddc
_cLBS1
999 _c56835
_d56835